Supertramp - The logical song (All lyrics) - Statistics

General Stats
  • This quiz has been taken 116 times
  • The average score is 142 of 214
Answer Stats
Answer % Correct
I
100%
A
99%
a
99%
When
99%
when
99%
you
99%
was
98%
young,
97%
who
96%
so
94%
the
94%
The
94%
it
93%
life
91%
Logical,
91%
logical
91%
be
90%
me
88%
that
85%
to
84%
all
83%
am
83%
am,
83%
D-
82%
d-
82%
in
82%
they
81%
wonderful
78%
And
76%
seemed
76%
then
76%
magical
74%
tell
74%
world
74%
what
73%
where
67%
how
66%
too
66%
miracle,
65%
please,
65%
please
65%
Please
65%
birds
64%
For
64%
trees,
64%
away
63%
oh
63%
Oh
63%
Oh,
63%
oh,
63%
There
62%
asleep
61%
beautiful,
61%
deep
61%
singing
61%
teach
60%
simple
58%
questions
57%
run
57%
are
56%
joyfully,
56%
such
55%
times
55%
world's
55%
could
54%
happily
54%
know
54%
man
52%
watch
52%
watching
51%
Won't
51%
But
49%
send
49%
sensible
49%
absurd
47%
say
47%
sounds
47%
cynical
45%
dependable
45%
up
45%
criminal
43%
showed
43%
vegetable
43%
yeah
43%
practical
42%
Liberal,
40%
playfully
40%
your
40%
they'd
39%
radical
38%
calling
35%
take
35%
clinical,
34%
intellectual,
34%
at
33%
or
33%
sign
33%
well
33%
learned
31%
presentable,
31%
like
30%
responsible,
30%
they'll
30%
fanatical,
27%
night,
27%
One,
27%
we've
26%
acceptable
25%
Respectable,
25%
said,
25%
It's
24%
feel
22%
name,
22%
two,
22%
three,
21%
you're
21%
digital
18%
we'd
18%
five
13%
'Cause
11%
feeling
10%
unbelievable
10%
getting
8%
No matching quizzes found
Score Distribution
Percent of People with Each Score
Percentile by Number Answered
Your Score History
You have not taken this quiz